000 00678nam a2200193Ia 4500
005 20260429112320.0
008 260429s9999||||xx |||||||||||||| ||und||
020 _a9789383931910
041 _aHindi
082 _a791.430
_bJAM
100 _aजमादार, ए. वि.
245 0 _aभारतीय सिनेमा इतिहास एवं आधुनिकीकरण :
_bभाग-7 /
_cए. वि. जमादार
250 _a1st ed.
260 _aदिल्ली :
_bएकैडमिक पब्लिकेशन,
_c2023.
300 _a347 p.; hb
440 _vVol. 7
650 _aहिंदी साहित्य
942 _cTB
999 _c53449
_d53449